00907cam a2200193K 4500082002100000100002900021245020500050260004000255300007100295500004600366526003700412650002400449650001800473650001300491856006400504942001200568999001900580952011400599 a629.1323bLANcD1 aLanchester, F. W.94989510aAerodynamicsbconstituting the first volume of a complete work on aerial flight,cby F.W. Lanchester. With appendices on the velocity and momentum of sound waves, on the theory of soaring flight, etc. aLondon,bA. Constable & Co.,c1907. a1 online resource (xvi, 442 p.)bfront., illus., diagrs. (1 fold.) aCover title: Aerial flight: Aerodynamics. a0b0c1d629_132300000000000_LAN 0aAerodynamics.92589 0aFlight.91579 0aMCE937940uhttp://catalog.hathitrust.org/api/volumes/oclc/1350767.html 2ddccBK c553090d553090 00102ddc4070aMCEbMCEcArchive Sectiond2015-01-29l0o629.1323 LANpMCE-B.IIr2015-01-29w2015-01-29yBK